Nouvelles gares sur LGV - Statistiques

Statistiques générales
  • Ce quiz a été pris 103 fois
  • Le résultat moyen est 14 sur 20
Statistiques - réponses
LGV Sud-Est % Correct
Avignon TGV
84%
Lyon-Saint-Exupéry TGV
80%
Valence TGV
80%
Lille-Europe
76%
Meuse TGV
75%
Montpellier-Sud-de-France
75%
Champagne-Ardenne TGV
73%
Lorraine TGV
73%
Nîmes-Pont-du-Gard TGV
72%
Aéroport Charles-de-Gaulle 2 TGV
70%
Besançon Franche-Comté TGV
70%
Massy TGV
68%
Calais - Fréthun
66%
Marne-la-Vallée - Chessy
66%
Le Creusot - Montceau - Montchanin
63%
Mâcon-Loché-TGV
63%
Belfort-Montbéliard TGV
61%
Aix-en-Provence TGV
58%
TGV Haute-Picardie
57%
Vendôme - Villiers-sur-Loir TGV
50%
Aucun quiz correspondant
Distribution des résultats
% des personnes avec chaque résultat
Percentile par nombre de réponses
Votre historique - résultats
Vous n’avez pas pris ce quiz